عرض عادي
عرض مارك
- International Workshop on Computational Autonomy
مدخل إسم مؤتمر
001 - رقم الضبط
- حقل الضبط: 7778
003 - معرف رقم الضبط
- حقل الضبط: OSt
005 - تاريخ ووقت أخر عملية
- حقل الضبط: 20111213095402.0
008 - عناصر بيانات ثابتة الطول
- حقل تحكم ثابت الطول: 111213|||a|||||| | ||| d
040 ## - مصدر الفهرسة
- هيئة الفهرسة الأصلية: OSt
- وكالة الكتابة: OSt
111 ## - مدخل -- اسم مؤتمر
- اسم الملتقي او اسم السلطه كعنصر مدخل: International Workshop on Computational Autonomy
- رقم الجزء / القسم/ الملتقي: (1st
- تاريخ المؤتمر: 2003
- مكان الملتقي: Melbourne, Vic.)10
670 ## - بيانات المصدر موجوده
- الاستشهاد بالمصدر: Work cat.: (OSt)3663: International Workshop on Computational Autonomy (1st 2003 Melbourne, Vic.)10 Ag, Agents and computational autonomy , 2004.
